Εγκυκλοπαίδεια ελληνικής πολιτικής παιδείας : κορυφαία κείμενα πολιτικών κοινωνικών και ιστορικών σπουδών από το 21 ως σήμερα
Αποθηκεύτηκε σε:
| Κύριος συγγραφέας: | |
|---|---|
| Μορφή: | Βιβλίο |
| Γλώσσα: | Greek |
| Δημοσίευση: |
Αθήνα :
Νέα Σύνορα,
[χ.χ.]
|
| Θέματα: | |
| Ετικέτες: |
Προσθήκη ετικέτας
Δεν υπάρχουν, Καταχωρήστε ετικέτα πρώτοι!
|
MARC
| LEADER | 00000cam a2200000 i 4500 | ||
|---|---|---|---|
| 001 | 1/98498 | ||
| 008 | 950314s gre d | ||
| 035 | |l 10010955 | ||
| 040 | |a GR-MY-UA |b gre |e aacr | ||
| 041 | 0 | |a gre | |
| 082 | 0 | |a 379.495 | |
| 100 | 1 | |a Μπίρης, Σταύρος Ι. | |
| 245 | 1 | 0 | |a Εγκυκλοπαίδεια ελληνικής πολιτικής παιδείας : |b κορυφαία κείμενα πολιτικών κοινωνικών και ιστορικών σπουδών από το 21 ως σήμερα / |c Σταύρος Ι. Μπίρης |
| 260 | |a Αθήνα : |b Νέα Σύνορα, |c [χ.χ.] | ||
| 300 | |a 238 σ. | ||
| 650 | 0 | 0 | |a Education and state |z Greece. |
| 650 | 0 | 0 | |a Education and state |z Greece |x History. |
| 651 | 0 | |a Greece |x History |y 1821- | |
| 852 | |a INST |b LESVOS |e 19950314 |h 379.495 ΜΠΙ |p 005100002385 |q 005100002385 |t BK |y 0 | ||
| 909 | |a Λ |b 038212 | ||
| 970 | |z 2000/05/ΟΙΚΟΝΟΜΟΠΟΥΛΟΥ ΧΡΙΣΤΙΝΑ | ||